Match Cities to European Countries (hard) - Statistics

General Stats
  • This quiz has been taken 39 times
  • The average score is 13 of 15
Answer Stats
Three Cities Country % Correct
Alicante, Las Palmas, Zaragoza Spain
97%
Graz, Linz, Innsbruck Austria
95%
Bruges, Namur, Mons Belgium
95%
Tours, Nancy, Angers France
92%
Padua, Cagliari, Trento Italy
92%
Duisburg, Mannheim, Augsburg Germany
90%
Poznań, Lublin, Białystok Poland
90%
Rijeka, Osijek, Dubrovnik Croatia
87%
Lucerne, St. Gallen, Lugano Switzerland
87%
Sevastopol, Simferopol, Kherson Ukraine
87%
Heraklion, Larissa, Piraeus Greece
85%
Aalborg, Esbjerg, Odense Denmark
82%
Ufa, Perm, Omsk Russia
82%
Debrecen, Szeged, Miskolc Hungary
77%
Funchal, Coimbra, Braga Portugal
77%
No matching quizzes found
Score Distribution
Percent of People with Each Score
Percentile by Number Answered
Your Score History
You have not taken this quiz